Divided UK Cities Puzzle - Statistics

General Stats
  • This quiz has been taken 2,157 times
  • The average score is 13 of 20
Answer Stats
Part 1 Part 2 Part 3 UK City name % Correct
CAM BRI DGE Cambridge
88%
NOT TING HAM Nottingham
85%
ABE RDE EN Aberdeen
84%
EDI NBU RGH Edinburgh
83%
GLO UCE STER Gloucester
83%
PETE RBOR OUGH Peterborough
83%
WIN CHE STER Winchester
75%
WO RCE STER Worcester
72%
LAN CA STER Lancaster
71%
CAN TERB URY Canterbury
68%
WAK EFI ELD Wakefield
61%
BE LFA ST Belfast
58%
CHEL MSF ORD Chelmsford
57%
BR ADF ORD Bradford
55%
CHI CHE STER Chichester
49%
NEW PO RT Newport
47%
STI RL ING Stirling
43%
LIC HFI ELD Lichfield
42%
LIS BU RN Lisburn
33%
SAIN TAS APH Saint Asaph
31%
No matching quizzes found
Score Distribution
Percent of People with Each Score
Percentile by Number Answered
Your Score History
You have not taken this quiz